| 000 | 01216nam a22004450a 4500 | ||
|---|---|---|---|
| 001 | PT46674 | ||
| 003 | AR-LpoUNG | ||
| 005 | 20210131231135.0 | ||
| 008 | 191001s2000||||ag |||||||||||||||||spa d | ||
| 040 |
_aAR-LpoUNG _bspa _cAR-LpoUNG _eaacr |
||
| 041 | _aspa | ||
| 044 | _aag | ||
| 082 | 0 | _a982.064 643mon | |
| 100 | 1 | _aGonzález, Lidia | |
| 245 | 1 | 0 |
_aMonseñor Jerónimo Podestá : _bla revolución en la Iglesia |
| 260 |
_aBuenos Aires : _bInstituto Histórico de la Ciudad de Buenos Aires, _c2000. |
||
| 300 |
_a175 p. : _bfot. |
||
| 650 | 4 | _aARGENTINA | |
| 650 | 4 | _aBIOGRAFIAS | |
| 650 | 4 | _aCATOLICISMO | |
| 650 | 4 | _aCLERO | |
| 650 | 4 | _aDICTADURA | |
| 650 | 4 | _aESTADO | |
| 650 | 4 | _aFUERZAS ARMADAS | |
| 650 | 4 | _aGOBIERNO MILITAR | |
| 650 | 4 | _aIDEOLOGIAS | |
| 650 | 4 | _aIGLESIA CATOLICA | |
| 650 | 4 | _aINVESTIGACION | |
| 650 | 4 | _aJUSTICIA SOCIAL | |
| 650 | 4 | _aMATRIMONIO | |
| 650 | 4 | _aPARTICIPACION SOCIAL | |
| 650 | 4 | _aPARTIDOS POLITICOS | |
| 650 | 4 | _aVIOLENCIA | |
| 651 | 4 | _aArgentina | |
| 653 | _aPERONISMO | ||
| 700 | 1 | _aGarcía Conde, Luis I. | |
| 710 | 2 | _aBuenos Aires. Municipalidad. Secretaría de Cultura. Instituto Histórico | |
| 905 | _a46674 | ||
| 942 | _cLIB | ||
| 999 |
_c8246 _d8246 |
||